000 00555nam a2200205 a 4500
001 4698
003 CO-ViMGA
008 141112s2004 ck r 000 u spa d
040 _aCO-ViMGA
_bspa
_cCO-ViMGA
082 0 4 _a306.87 C156
100 1 _aCampion, Jean
_92817
245 1 0 _aEl niño en su contexto :
_beducación y sistema familiar
260 _aMadrid :
_bPaidós,
_c1994
300 _a184 p
490 _aTemas de educación, 1
650 1 4 _aAPRENDIZAJE
650 1 4 _aFAMILIA
650 1 4 _aNIÑOS - educación FAMILIAR
_92818
942 _2ddc
_cBK
999 _c16708
_d16708